| 000 | 01043nam a2200325 a 4500 | ||
|---|---|---|---|
| 001 | vtls000196509 | ||
| 003 | NLI | ||
| 005 | 20210602113033.0 | ||
| 008 | 101125s1954 enk 001 p eng | ||
| 020 | _cRs. 10.75 | ||
| 039 | 9 |
_y201011252324 _zVLOAD |
|
| 040 | 0 |
_aNLI _beng _cVERGIS-2010 _eAACR2 |
|
| 041 | 1 |
_aeng _hger |
|
| 044 | _aenk | ||
| 082 | 0 | 4 | _a831.91 |
| 100 | 1 |
_aBelmore, H. W. _9374466 |
|
| 245 | 1 | 0 |
_aRilke's craftsmanship : _ban analysis of his poetic style / _cH. W. Belmore |
| 260 |
_aOxford : _bBasil Blackwell, _c1954 |
||
| 300 |
_a234 p. ; _c22 cm. |
||
| 440 | 0 |
_aModern language studies _9173449 |
|
| 500 | _aIncludes index | ||
| 500 | _aTranslated from the German | ||
| 650 | 0 |
_aGerman poetry _xTranslations into English _9372847 |
|
| 887 | _a | ||
| 901 |
_a346606 _b25.8.1962 |
||
| 902 | _aE 831.91 B 417 | ||
| 942 |
_2ddc _cBKS |
||
| 949 |
_AVIRTUAITEM _D10000 _X100 _6PUR000346606ENG |
||
| 999 |
_aVIRTUA40 _c200090 _d200090 |
||
| 999 | _aVTLSSORT0080*0200*0400*0410*0440*0820*1000*2450*2600*3000*4400*5000*5001*6500*9010*9020*9490*9991 | ||